Online
Catalog

Viaje de invierno : (Record no. 22115)

MARC details
000 -CABECERA
campo de control de longitud fija 01506nam a2200313 a 4500
001 - NÚMERO DE CONTROL
campo de control 000022618
005 - FECHA Y HORA DE LA ÚLTIMA TRANSACCIÓN
campo de control 20240305103359.0
008 - DATOS DE LONGITUD FIJA--INFORMACIÓN GENERAL
campo de control de longitud fija 101014s1986 dr ac 001 0 spa d
040 ## - FUENTE DE LA CATALOGACIÓN
Centro catalogador/agencia de origen DO-SdBNP
Lengua de catalogación spa
Centro/agencia transcriptor BNPHU
082 ## - NÚMERO DE LA CLASIFICACIÓN DECIMAL DEWEY
Número de clasificación 780.268
Número de documento/Ítem V598i
245 00 - MENCIÓN DE TÍTULO
Título Viaje de invierno :
Resto del título (Winterreise ) /
Mención de responsabilidad, etc. idea Arístides Incháustegui ; pianista Miriam Ariza ; traductor Rafael Villanueva.
260 ## - PUBLICACIÓN, DISTRIBUCIÓN, ETC.
Lugar de publicación, distribución, etc. Santo Domingo :
Nombre del editor, distribuidor, etc. Corripio,
Fecha de publicación, distribución, etc. 1986.
300 ## - DESCRIPCIÓN FÍSICA
Extensión 17 p. :
Otras características físicas il., retrs. ;
Dimensiones 26 cm.
500 ## - NOTA GENERAL
Nota general Concierto presentado por el tenor Arístides Incháustegui y la pianista Miriam Ariza, en el Auditorio de Bellas Artes, le jueves 6 de noviembre de 1986, por sus 30 años de vida artística.
500 ## - NOTA GENERAL
Nota general Síntesis biográfica y artística de los intérpretes: p. VII-XVI.
590 ## - NOTA LOCAL (RLIN)
Nota local Inventariado, 2018/LP
600 14 - PUNTO DE ACCESO ADICIONAL DE MATERIA--NOMBRE DE PERSONA
Nombre de persona SCHUBERT, FRANZ,
Fechas asociadas al nombre 1797-1828
Mención de arreglo para música VIAJE DE INVIERNO
9 (RLIN) 46542
600 14 - PUNTO DE ACCESO ADICIONAL DE MATERIA--NOMBRE DE PERSONA
Nombre de persona MÜLLER, WILHELM
Fechas asociadas al nombre 1794-1827
Título de la obra VIAJE DE INVIERNO
Subdivisión general CRÍTICA E INTERPRETACIÓN
9 (RLIN) 46543
600 14 - PUNTO DE ACCESO ADICIONAL DE MATERIA--NOMBRE DE PERSONA
Nombre de persona MÜLLER, WILHELM
Fechas asociadas al nombre 1794-1827
Título de la obra VIAJE DE INVIERNO
Subdivisión general CRÍTICA E INTERPRETACIÓN
9 (RLIN) 46543
650 #4 - PUNTO DE ACCESO ADICIONAL DE MATERIA--TÉRMINO DE MATERIA
Término de materia o nombre geográfico como elemento de entrada Música austríaca
Subdivisión general Historia y crítica
9 (RLIN) 46544
650 #4 - PUNTO DE ACCESO ADICIONAL DE MATERIA--TÉRMINO DE MATERIA
Término de materia o nombre geográfico como elemento de entrada Interpretación musical
9 (RLIN) 46545
650 #4 - PUNTO DE ACCESO ADICIONAL DE MATERIA--TÉRMINO DE MATERIA
Término de materia o nombre geográfico como elemento de entrada Arreglos musicales
9 (RLIN) 46546
650 #4 - PUNTO DE ACCESO ADICIONAL DE MATERIA--TÉRMINO DE MATERIA
Término de materia o nombre geográfico como elemento de entrada Música para piano (arreglos)
9 (RLIN) 46547
650 #4 - PUNTO DE ACCESO ADICIONAL DE MATERIA--TÉRMINO DE MATERIA
Término de materia o nombre geográfico como elemento de entrada Música y literatura
9 (RLIN) 46548
700 12 - PUNTO DE ACCESO ADICIONAL--NOMBRE DE PERSONA
Nombre de persona Incháustegui, Arístides,
Fechas asociadas al nombre 1938-
9 (RLIN) 22936
700 12 - PUNTO DE ACCESO ADICIONAL--NOMBRE DE PERSONA
Nombre de persona Ariza, Miriam,
Fechas asociadas al nombre 1940-
9 (RLIN) 46549
700 12 - PUNTO DE ACCESO ADICIONAL--NOMBRE DE PERSONA
Nombre de persona Villanueva, Rafael
Término indicativo de función/relación tr.
9 (RLIN) 46550
910 ## - DATOS DE OPCIÓN DEL USUARIO (OCLC)
Datos de opción del usuario Validado. Control de calidad EMS
Holdings
Estado de retiro Estado de pérdida No para préstamo Código de colección Localización permanente Ubicación/localización actual Ubicación en estantería Fecha de adquisición Número de inventario Total de préstamos Signatura topográfica completa Código de barras Fecha visto por última vez Precio válido a partir de Tipo de ítem Koha
    Excluido de préstamo Patrimonio Dominicano Patrimonio Dominicano Patrimonio Dominicano Depósito 14.10.2010 LF1   780.268 V598i 22618-10 25.06.2020 25.06.2020 Libro y Folleto Colección Patrimonio Dominicano

Powered by Koha